[Event "45th FIDE Chess Olympiad Open"]
[Site "Budapest, Hungary"]
[Date "2024.09.19"]
[Round "8"]
[White "Boulrens, Ala Eddine"]
[Black "Cori Quispe, Kevin Joel"]
[Result "1-0"]
[Board "135"]
[WhiteFideId "7907559"]
[BlackFideId "3814017"]
[BlackTitle "GM"]
[WhiteElo "2137"]
[BlackElo "2461"]
[WhiteTeam "Algeria"]
[BlackTeam "Mexico"]
[WhiteClock "0:07:10"]
[BlackClock "0:10:43"]
[Variant "Standard"]

1. e4 {[%clk 1:30:57]}  c5 {[%clk 1:30:51]} 2. c3 {[%clk 1:31:16]}  Nf6 {[%clk 1:31:06]} 3. e5 {[%clk 1:31:41]}  Nd5 {[%clk 1:31:30]} 4. Nf3 {[%clk 1:32:05]}  Nc6 {[%clk 1:31:37]} 5. d4 {[%clk 1:32:01]}  cxd4 {[%clk 1:31:58]} 6. cxd4 {[%clk 1:31:46]}  d6 {[%clk 1:32:04]} 7. Bc4 {[%clk 1:31:14]}  Nb6 {[%clk 1:31:04]} 8. Bb5 {[%clk 1:30:44]}  Bd7 {[%clk 1:31:16]} 9. Nc3 {[%clk 1:28:07]}  dxe5 {[%clk 1:27:08]} 10. dxe5 {[%clk 1:13:40]}  g6 {[%clk 1:25:54]} 11. O-O {[%clk 1:12:49]}  Bg7 {[%clk 1:26:18]} 12. Qe2 {[%clk 1:03:07]}  O-O {[%clk 1:25:11]} 13. h3 {[%clk 0:58:51]}  Qc7 {[%clk 1:18:17]} 14. Bf4 {[%clk 0:58:02]}  Rad8 {[%clk 1:18:40]} 15. Rac1 {[%clk 0:57:42]}  Be6 {[%clk 1:15:10]} 16. Rfd1 {[%clk 0:51:41]}  Nd5 {[%clk 1:08:56]} 17. Bg3 {[%clk 0:45:04]}  Nxc3 {[%clk 1:04:37]} 18. Rxc3 {[%clk 0:44:57]}  Qb6 {[%clk 1:04:56]} 19. Bxc6 {[%clk 0:41:37]}  bxc6 {[%clk 1:05:06]} 20. Rdc1 {[%clk 0:41:07]}  Bd5 {[%clk 1:05:12]} 21. b3 {[%clk 0:40:32]}  a5 {[%clk 1:05:33]} 22. Nd2 {[%clk 0:39:30]}  Bh6 {[%clk 0:57:08]} 23. R1c2 {[%clk 0:36:35]}  a4 {[%clk 0:45:21]} 24. Nc4 {[%clk 0:34:57]}  Qb4 {[%clk 0:38:22]} 25. bxa4 {[%clk 0:28:07]}  Be6 {[%clk 0:26:58]} 26. Ne3 {[%clk 0:27:25]}  Qb1+ {[%clk 0:22:58]} 27. Qf1 {[%clk 0:24:21]}  Qb4 {[%clk 0:22:32]} 28. Qe2 {[%clk 0:23:58]}  Qxa4 {[%clk 0:21:26]} 29. Rxc6 {[%clk 0:22:54]}  Rd4 {[%clk 0:20:48]} 30. Kh2 {[%clk 0:15:51]}  Bg5 {[%clk 0:20:54]} 31. Qa6 {[%clk 0:11:30]}  h5 {[%clk 0:19:10]} 32. Rxe6 {[%clk 0:08:08]}  fxe6 {[%clk 0:17:10]} 33. Qxe6+ {[%clk 0:08:34]}  Kh7 {[%clk 0:17:34]} 34. Rc6 {[%clk 0:08:48]}  Rg8 {[%clk 0:17:59]} 35. Nf5 {[%clk 0:08:35]}  Qxc6 {[%clk 0:12:06]} 36. Qxc6 {[%clk 0:07:46]}  gxf5 {[%clk 0:12:33]} 37. Qf3 {[%clk 0:06:22]}  Kg6 {[%clk 0:10:53]} 38. Qb3 {[%clk 0:06:47]}  Rf8 {[%clk 0:10:43]} 39. Qb6+ {[%clk 0:07:10]} 1-0

[Event "45th FIDE Chess Olympiad Open"]
[Site "Budapest, Hungary"]
[Date "2024.09.19"]
[Round "8"]
[White "Mandizha, Farai"]
[Black "Ferreira, Jorge Viterbo"]
[Result "0-1"]
[Board "137"]
[WhiteFideId "11000430"]
[BlackFideId "1910850"]
[WhiteTitle "IM"]
[BlackTitle "GM"]
[WhiteElo "2371"]
[BlackElo "2535"]
[WhiteTeam "Zimbabwe"]
[BlackTeam "Portugal"]
[WhiteClock "0:44:21"]
[BlackClock "0:29:28"]
[Variant "Standard"]

1. d4 {[%clk 1:30:55]}  Nf6 {[%clk 1:30:51]} 2. c4 {[%clk 1:31:20]}  e6 {[%clk 1:31:13]} 3. Nf3 {[%clk 1:31:45]}  Bb4+ {[%clk 1:31:33]} 4. Nbd2 {[%clk 1:32:09]}  b6 {[%clk 1:31:44]} 5. a3 {[%clk 1:29:52]}  Bxd2+ {[%clk 1:32:04]} 6. Qxd2 {[%clk 1:30:18]}  Bb7 {[%clk 1:32:18]} 7. e3 {[%clk 1:30:10]}  O-O {[%clk 1:29:10]} 8. Be2 {[%clk 1:29:37]}  a5 {[%clk 1:25:43]} 9. b3 {[%clk 1:30:00]}  d6 {[%clk 1:26:06]} 10. Bb2 {[%clk 1:30:22]}  Nbd7 {[%clk 1:26:17]} 11. Qc2 {[%clk 1:25:50]}  Be4 {[%clk 1:22:28]} 12. Qc3 {[%clk 1:26:00]}  Bb7 {[%clk 1:11:33]} 13. Qc2 {[%clk 1:12:15]}  Ne4 {[%clk 1:10:59]} 14. Bd3 {[%clk 1:12:11]}  f5 {[%clk 1:10:10]} 15. O-O-O {[%clk 1:11:29]}  c5 {[%clk 0:58:16]} 16. a4 {[%clk 1:11:00]}  b5 {[%clk 0:48:19]} 17. cxb5 {[%clk 1:07:20]}  Rc8 {[%clk 0:47:34]} 18. d5 {[%clk 1:07:33]}  exd5 {[%clk 0:39:53]} 19. Kb1 {[%clk 1:04:21]}  Qe7 {[%clk 0:34:42]} 20. Rhf1 {[%clk 1:02:21]}  Nb6 {[%clk 0:25:48]} 21. Ka1 {[%clk 1:01:46]}  c4 {[%clk 0:22:22]} 22. Be2 {[%clk 0:48:44]}  Nc5 {[%clk 0:22:24]} 23. Nd4 {[%clk 0:47:55]}  cxb3 {[%clk 0:22:25]} 24. Qb1 {[%clk 0:47:26]}  Ncxa4 {[%clk 0:16:06]} 25. Nxb3 {[%clk 0:39:56]}  Nxb2 {[%clk 0:13:30]} 26. Qxb2 {[%clk 0:40:17]}  Na4 {[%clk 0:13:48]} 27. Qd2 {[%clk 0:38:15]}  Rc3 {[%clk 0:08:51]} 28. Qa2 {[%clk 0:35:34]}  Nc5 {[%clk 0:05:11]} 29. Nd4 {[%clk 0:35:17]}  Rc8 {[%clk 0:05:01]} 30. Qb2 {[%clk 0:32:27]}  Na4 {[%clk 0:04:53]} 31. Qa2 {[%clk 0:32:41]}  Nc5 {[%clk 0:05:00]} 32. Qb2 {[%clk 0:33:05]}  Ne6 {[%clk 0:04:03]} 33. Nc6 {[%clk 0:21:56]}  Qf6 {[%clk 0:04:25]} 34. Bf3 {[%clk 0:20:58]}  Bxc6 {[%clk 0:04:42]} 35. bxc6 {[%clk 0:21:15]}  R8xc6 {[%clk 0:02:39]} 36. Bxd5 {[%clk 0:21:00]}  Rb6 {[%clk 0:02:49]} 37. Bxe6+ {[%clk 0:18:17]}  Kf8 {[%clk 0:03:14]} 38. Rd4 {[%clk 0:17:50]}  Rxb2 {[%clk 0:03:36]} 39. Kxb2 {[%clk 0:18:17]}  Rd3 {[%clk 0:03:59]} 40. Ba2 {[%clk 0:16:16]}  Rxd4 {[%clk 0:04:08]} 41. exd4 {[%clk 0:16:43]}  Qxd4+ {[%clk 0:04:29]} 42. Kc2 {[%clk 0:16:34]}  Qe4+ {[%clk 0:03:32]} 43. Kd2 {[%clk 0:17:01]}  Qxg2 {[%clk 0:03:32]} 44. Bc4 {[%clk 0:16:38]}  Qxh2 {[%clk 0:02:12]} 45. Kd3 {[%clk 0:15:06]}  Qf4 {[%clk 0:01:28]} 46. f3 {[%clk 0:14:48]}  h5 {[%clk 0:01:22]} 47. Bd5 {[%clk 0:14:46]}  Qe5 {[%clk 0:01:42]} 48. Bb3 {[%clk 0:14:19]}  f4 {[%clk 0:28:28]} 49. Bc4 {[%clk 0:43:32]}  d5 {[%clk 0:28:39]} 50. Bb5 {[%clk 0:43:56]}  Qe3+ {[%clk 0:29:01]} 51. Kc2 {[%clk 0:44:21]}  Qc5+ {[%clk 0:29:28]} 0-1

[Event "45th FIDE Chess Olympiad Open"]
[Site "Budapest, Hungary"]
[Date "2024.09.19"]
[Round "8"]
[White "Galego, Luis"]
[Black "Makoto, Rodwell"]
[Result "1/2-1/2"]
[Board "138"]
[WhiteFideId "1900072"]
[BlackFideId "11000120"]
[WhiteTitle "GM"]
[BlackTitle "IM"]
[WhiteElo "2444"]
[BlackElo "2311"]
[WhiteTeam "Portugal"]
[BlackTeam "Zimbabwe"]
[WhiteClock "0:10:28"]
[BlackClock "0:33:51"]
[Variant "Standard"]

1. e4 {[%clk 1:30:55]}  e5 {[%clk 1:30:48]} 2. Nf3 {[%clk 1:31:20]}  Nc6 {[%clk 1:31:13]} 3. Bb5 {[%clk 1:31:26]}  a6 {[%clk 1:31:35]} 4. Ba4 {[%clk 1:31:39]}  Nf6 {[%clk 1:31:33]} 5. O-O {[%clk 1:30:37]}  Be7 {[%clk 1:31:31]} 6. Bxc6 {[%clk 1:27:20]}  dxc6 {[%clk 1:31:53]} 7. Qe1 {[%clk 1:27:37]}  Nd7 {[%clk 1:31:50]} 8. Nc3 {[%clk 1:24:38]}  c5 {[%clk 1:23:10]} 9. d3 {[%clk 1:23:07]}  f6 {[%clk 1:22:47]} 10. Nd5 {[%clk 1:07:06]}  Bd6 {[%clk 1:21:21]} 11. Nh4 {[%clk 1:06:22]}  O-O {[%clk 1:02:38]} 12. Nf5 {[%clk 1:02:14]}  Rf7 {[%clk 1:02:40]} 13. f4 {[%clk 0:58:59]}  exf4 {[%clk 1:02:37]} 14. Nxd6 {[%clk 0:57:35]}  cxd6 {[%clk 1:02:56]} 15. Bxf4 {[%clk 0:57:58]}  Ne5 {[%clk 1:02:45]} 16. b4 {[%clk 0:40:32]}  Be6 {[%clk 0:55:57]} 17. bxc5 {[%clk 0:37:53]}  dxc5 {[%clk 0:56:07]} 18. Bxe5 {[%clk 0:37:44]}  fxe5 {[%clk 0:56:26]} 19. Rxf7 {[%clk 0:37:30]}  Bxf7 {[%clk 0:56:52]} 20. c4 {[%clk 0:37:44]}  b5 {[%clk 0:56:48]} 21. Qc3 {[%clk 0:25:55]}  Qd6 {[%clk 0:56:23]} 22. Qa5 {[%clk 0:24:48]}  Bxd5 {[%clk 0:54:07]} 23. exd5 {[%clk 0:24:13]}  Rf8 {[%clk 0:53:40]} 24. h3 {[%clk 0:17:50]}  h6 {[%clk 0:53:49]} 25. Re1 {[%clk 0:14:48]}  Qf6 {[%clk 0:44:38]} 26. Qd2 {[%clk 0:14:23]}  bxc4 {[%clk 0:32:13]} 27. dxc4 {[%clk 0:14:46]}  Qf4 {[%clk 0:32:39]} 28. Qxf4 {[%clk 0:12:03]}  Rxf4 {[%clk 0:33:01]} 29. Rxe5 {[%clk 0:12:04]}  Rxc4 {[%clk 0:33:09]} 30. d6 {[%clk 0:12:03]}  Rd4 {[%clk 0:33:13]} 31. Rxc5 {[%clk 0:12:26]}  Rxd6 {[%clk 0:33:32]} 32. Ra5 {[%clk 0:11:30]}  Rf6 {[%clk 0:33:14]} 33. h4 {[%clk 0:11:11]}  g6 {[%clk 0:32:59]} 34. Kh2 {[%clk 0:09:25]}  Kg7 {[%clk 0:33:13]} 35. g4 {[%clk 0:08:37]}  Rc6 {[%clk 0:32:54]} 36. Kg3 {[%clk 0:09:01]}  Rc3+ {[%clk 0:32:38]} 37. Kf4 {[%clk 0:09:18]}  Rc4+ {[%clk 0:32:57]} 38. Kf3 {[%clk 0:09:38]}  Rc3+ {[%clk 0:33:16]} 39. Kf4 {[%clk 0:10:04]}  Rc4+ {[%clk 0:33:41]} 40. Kf3 {[%clk 0:10:28]}  Rc3+ {[%clk 0:33:51]} 1/2-1/2

[Event "45th FIDE Chess Olympiad Open"]
[Site "Budapest, Hungary"]
[Date "2024.09.19"]
[Round "8"]
[White "Mwadzura, Roy"]
[Black "Sousa, Andre Ventura"]
[Result "0-1"]
[Board "139"]
[WhiteFideId "11004436"]
[BlackFideId "1917617"]
[WhiteTitle "FM"]
[BlackTitle "IM"]
[WhiteElo "2229"]
[BlackElo "2403"]
[WhiteTeam "Zimbabwe"]
[BlackTeam "Portugal"]
[WhiteClock "0:15:54"]
[BlackClock "1:09:13"]
[Variant "Standard"]

1. e4 {[%clk 1:29:40]}  c5 {[%clk 1:30:55]} 2. Nf3 {[%clk 1:30:04]}  d6 {[%clk 1:31:22]} 3. d4 {[%clk 1:30:27]}  cxd4 {[%clk 1:31:47]} 4. Nxd4 {[%clk 1:30:55]}  Nf6 {[%clk 1:32:11]} 5. Nc3 {[%clk 1:31:16]}  a6 {[%clk 1:32:38]} 6. Be2 {[%clk 1:29:56]}  e5 {[%clk 1:33:03]} 7. Nf3 {[%clk 1:30:20]}  Be7 {[%clk 1:33:12]} 8. O-O {[%clk 1:30:34]}  O-O {[%clk 1:32:54]} 9. Bg5 {[%clk 1:30:56]}  Nbd7 {[%clk 1:32:49]} 10. a4 {[%clk 1:31:07]}  h6 {[%clk 1:32:59]} 11. Be3 {[%clk 1:25:56]}  Ng4 {[%clk 1:25:31]} 12. Bc1 {[%clk 1:25:45]}  Nc5 {[%clk 1:24:12]} 13. Bc4 {[%clk 1:25:17]}  Nf6 {[%clk 1:22:36]} 14. Qe2 {[%clk 1:24:40]}  Be6 {[%clk 1:12:38]} 15. Rd1 {[%clk 1:24:24]}  Qc7 {[%clk 1:11:31]} 16. Nd5 {[%clk 1:22:10]}  Nxd5 {[%clk 1:11:50]} 17. Bxd5 {[%clk 1:22:02]}  Bxd5 {[%clk 1:08:48]} 18. Rxd5 {[%clk 1:09:32]}  Qc6 {[%clk 1:07:53]} 19. b3 {[%clk 1:07:55]}  f5 {[%clk 1:05:37]} 20. Nd2 {[%clk 0:49:07]}  Nxe4 {[%clk 1:04:34]} 21. Qc4 {[%clk 0:48:45]}  Nxd2 {[%clk 1:01:27]} 22. Qxc6 {[%clk 0:48:52]}  Nf3+ {[%clk 1:01:38]} 23. gxf3 {[%clk 0:49:20]}  bxc6 {[%clk 1:02:04]} 24. Rd1 {[%clk 0:49:35]}  d5 {[%clk 0:59:27]} 25. Bb2 {[%clk 0:49:49]}  Bf6 {[%clk 0:59:21]} 26. Kg2 {[%clk 0:49:41]}  Kf7 {[%clk 0:58:59]} 27. Ba3 {[%clk 0:46:55]}  Rfd8 {[%clk 0:58:57]} 28. Re1 {[%clk 0:47:19]}  g5 {[%clk 0:58:54]} 29. h3 {[%clk 0:47:38]}  Ke6 {[%clk 0:56:25]} 30. Rad1 {[%clk 0:47:59]}  Rab8 {[%clk 0:54:28]} 31. Kf1 {[%clk 0:47:35]}  f4 {[%clk 0:54:37]} 32. Re2 {[%clk 0:44:22]}  Kf5 {[%clk 0:54:47]} 33. Rde1 {[%clk 0:44:39]}  d4 {[%clk 0:50:01]} 34. Be7 {[%clk 0:44:29]}  Rd5 {[%clk 0:49:47]} 35. Bxf6 {[%clk 0:44:13]}  Kxf6 {[%clk 0:50:14]} 36. Rd2 {[%clk 0:44:36]}  Rc5 {[%clk 0:50:16]} 37. Ke2 {[%clk 0:43:52]}  Rc3 {[%clk 0:50:27]} 38. Rh1 {[%clk 0:43:03]}  h5 {[%clk 0:49:59]} 39. Ra1 {[%clk 0:34:56]}  Rh8 {[%clk 0:47:47]} 40. Rg1 {[%clk 0:34:32]}  c5 {[%clk 0:48:06]} 41. Rh1 {[%clk 0:30:37]}  Rc8 {[%clk 0:46:53]} 42. Ra1 {[%clk 0:30:49]}  a5 {[%clk 0:45:38]} 43. Rb1 {[%clk 0:14:13]}  Kf5 {[%clk 0:45:27]} 44. Rb2 {[%clk 0:14:24]}  c4 {[%clk 0:42:56]} 45. Rd1 {[%clk 0:04:41]}  Rb8 {[%clk 0:36:46]} 46. Rdb1 {[%clk 0:18:33]}  cxb3 {[%clk 1:06:54]} 47. cxb3 {[%clk 0:18:56]}  Rb4 {[%clk 1:07:10]} 48. h4 {[%clk 0:17:00]}  gxh4 {[%clk 1:07:24]} 49. Rh1 {[%clk 0:17:14]}  Rbxb3 {[%clk 1:07:32]} 50. Rxb3 {[%clk 0:17:04]}  Rxb3 {[%clk 1:07:58]} 51. Rxh4 {[%clk 0:17:32]}  Kg5 {[%clk 1:08:07]} 52. Rh1 {[%clk 0:16:56]}  Ra3 {[%clk 1:08:25]} 53. Rg1+ {[%clk 0:17:11]}  Kf5 {[%clk 1:08:39]} 54. Rh1 {[%clk 0:17:35]}  Rxa4 {[%clk 1:08:21]} 55. Rxh5+ {[%clk 0:17:59]}  Ke6 {[%clk 1:08:49]} 56. Rh8 {[%clk 0:15:37]}  Ra2+ {[%clk 1:09:03]} 57. Kd3 {[%clk 0:15:44]}  Rxf2 {[%clk 1:09:11]} 58. Re8+ {[%clk 0:15:54]}  Kd6 {[%clk 1:09:13]} 0-1

[Event "45th FIDE Chess Olympiad Open"]
[Site "Budapest, Hungary"]
[Date "2024.09.19"]
[Round "8"]
[White "Barria Santos, Jose Guilherme"]
[Black "Mapuranga, Vitalis"]
[Result "1-0"]
[Board "140"]
[WhiteFideId "1939300"]
[BlackFideId "11004380"]
[WhiteTitle "FM"]
[WhiteElo "2411"]
[BlackElo "2013"]
[WhiteTeam "Portugal"]
[BlackTeam "Zimbabwe"]
[WhiteClock "0:16:41"]
[BlackClock "0:02:15"]
[Variant "Standard"]

1. e4 {[%clk 1:30:57]}  c6 {[%clk 1:30:55]} 2. Nc3 {[%clk 1:31:11]}  d5 {[%clk 1:31:18]} 3. Nf3 {[%clk 1:31:38]}  Bg4 {[%clk 1:31:33]} 4. h3 {[%clk 1:32:02]}  Bxf3 {[%clk 1:31:32]} 5. Qxf3 {[%clk 1:32:26]}  e6 {[%clk 1:31:44]} 6. Be2 {[%clk 1:27:48]}  Nf6 {[%clk 1:32:11]} 7. O-O {[%clk 1:28:06]}  Nbd7 {[%clk 1:30:46]} 8. exd5 {[%clk 1:23:04]}  cxd5 {[%clk 1:31:05]} 9. Qg3 {[%clk 1:19:55]}  Rc8 {[%clk 1:26:10]} 10. d4 {[%clk 1:15:18]}  Qb6 {[%clk 1:25:08]} 11. Bd3 {[%clk 0:59:10]}  a6 {[%clk 1:22:58]} 12. Ne2 {[%clk 0:58:43]}  g6 {[%clk 1:23:26]} 13. c3 {[%clk 0:58:32]}  Bg7 {[%clk 1:23:37]} 14. a4 {[%clk 0:55:14]}  O-O {[%clk 1:23:38]} 15. a5 {[%clk 0:55:39]}  Qd8 {[%clk 1:20:48]} 16. Bg5 {[%clk 0:54:12]}  h6 {[%clk 1:21:08]} 17. Bd2 {[%clk 0:54:35]}  Re8 {[%clk 1:11:52]} 18. Qh4 {[%clk 0:44:36]}  Ne4 {[%clk 0:57:30]} 19. Qxd8 {[%clk 0:44:59]}  Rexd8 {[%clk 0:57:50]} 20. Be3 {[%clk 0:45:10]}  f5 {[%clk 0:56:56]} 21. f3 {[%clk 0:40:01]}  Nd6 {[%clk 0:54:44]} 22. Nf4 {[%clk 0:40:29]}  Kf7 {[%clk 0:54:11]} 23. Rfe1 {[%clk 0:37:35]}  Re8 {[%clk 0:51:05]} 24. Bc2 {[%clk 0:35:23]}  g5 {[%clk 0:38:54]} 25. Nh5 {[%clk 0:32:18]}  Bh8 {[%clk 0:32:53]} 26. f4 {[%clk 0:32:28]}  Rg8 {[%clk 0:30:52]} 27. fxg5 {[%clk 0:29:15]}  hxg5 {[%clk 0:31:04]} 28. g4 {[%clk 0:29:38]}  Nf6 {[%clk 0:23:28]} 29. Nxf6 {[%clk 0:29:34]}  Bxf6 {[%clk 0:23:51]} 30. Kg2 {[%clk 0:25:29]}  f4 {[%clk 0:22:43]} 31. Bf2 {[%clk 0:24:42]}  Rc7 {[%clk 0:19:36]} 32. Re2 {[%clk 0:24:29]}  Rh8 {[%clk 0:19:16]} 33. Rae1 {[%clk 0:21:21]}  Re7 {[%clk 0:16:22]} 34. Bd3 {[%clk 0:20:52]}  Rc8 {[%clk 0:15:10]} 35. Kf3 {[%clk 0:18:42]}  Nc4 {[%clk 0:12:25]} 36. h4 {[%clk 0:15:53]}  Nxa5 {[%clk 0:10:57]} 37. hxg5 {[%clk 0:15:40]}  Bxg5 {[%clk 0:10:48]} 38. Re5 {[%clk 0:12:45]}  Bf6 {[%clk 0:07:10]} 39. Rh5 {[%clk 0:13:00]}  Nc4 {[%clk 0:05:38]} 40. g5 {[%clk 0:11:29]}  Bg7 {[%clk 0:05:11]} 41. g6+ {[%clk 0:09:47]}  Kf8 {[%clk 0:03:09]} 42. Re2 {[%clk 0:04:06]}  e5 {[%clk 0:24:20]} 43. Bxc4 {[%clk 0:32:53]}  dxc4 {[%clk 0:23:21]} 44. dxe5 {[%clk 0:30:36]}  Re6 {[%clk 0:23:49]} 45. Kxf4 {[%clk 0:29:37]}  Rxg6 {[%clk 0:24:02]} 46. Kf5 {[%clk 0:30:02]}  Rcc6 {[%clk 0:21:52]} 47. Rd2 {[%clk 0:24:30]}  Ke8 {[%clk 0:16:09]} 48. Bh4 {[%clk 0:19:59]}  Kf7 {[%clk 0:10:27]} 49. Rd7+ {[%clk 0:20:27]}  Kg8 {[%clk 0:10:54]} 50. Rg5 {[%clk 0:15:32]}  Rxg5+ {[%clk 0:09:40]} 51. Bxg5 {[%clk 0:15:52]}  Rc5 {[%clk 0:02:57]} 52. Kg6 {[%clk 0:15:10]}  Rc6+ {[%clk 0:02:22]} 53. Bf6 {[%clk 0:15:29]}  Bxf6 {[%clk 0:02:10]} 54. exf6 {[%clk 0:15:53]}  Rc8 {[%clk 0:02:35]} 55. Rg7+ {[%clk 0:16:17]}  Kh8 {[%clk 0:02:15]} 56. Rh7+ {[%clk 0:16:41]} 1-0

[Event "45th FIDE Chess Olympiad Open"]
[Site "Budapest, Hungary"]
[Date "2024.09.19"]
[Round "8"]
[White "Silva, David"]
[Black "Krstulovic, Alex"]
[Result "1-0"]
[Board "142"]
[WhiteFideId "10101314"]
[BlackFideId "760056"]
[WhiteTitle "IM"]
[BlackTitle "IM"]
[WhiteElo "2363"]
[BlackElo "2452"]
[WhiteTeam "Angola"]
[BlackTeam "Hungary C"]
[WhiteClock "0:47:17"]
[BlackClock "0:09:41"]
[Variant "Standard"]

1. e4 {[%clk 1:30:57]}  c6 {[%clk 1:30:53]} 2. Nf3 {[%clk 1:31:20]}  d5 {[%clk 1:31:18]} 3. exd5 {[%clk 1:31:39]}  cxd5 {[%clk 1:31:40]} 4. Ne5 {[%clk 1:32:05]}  a6 {[%clk 1:28:43]} 5. d4 {[%clk 1:31:16]}  Nc6 {[%clk 1:28:15]} 6. c3 {[%clk 1:27:11]}  Nxe5 {[%clk 1:25:18]} 7. dxe5 {[%clk 1:27:14]}  Bf5 {[%clk 1:22:57]} 8. Nd2 {[%clk 1:24:17]}  Qd7 {[%clk 1:17:26]} 9. Nf3 {[%clk 1:23:35]}  e6 {[%clk 1:15:36]} 10. Bd3 {[%clk 1:21:45]}  Ne7 {[%clk 1:12:41]} 11. O-O {[%clk 1:22:04]}  Rc8 {[%clk 1:07:47]} 12. Nd4 {[%clk 1:14:08]}  Bxd3 {[%clk 1:07:43]} 13. Qxd3 {[%clk 1:14:28]}  Nc6 {[%clk 1:04:19]} 14. Qg3 {[%clk 1:13:21]}  g6 {[%clk 1:00:00]} 15. Bg5 {[%clk 1:12:51]}  Bg7 {[%clk 0:58:09]} 16. Nf3 {[%clk 1:13:08]}  Qc7 {[%clk 0:46:49]} 17. Rfe1 {[%clk 1:11:30]}  Ne7 {[%clk 0:47:15]} 18. Qh3 {[%clk 1:07:53]}  h6 {[%clk 0:39:50]} 19. Bf6 {[%clk 1:06:58]}  Kf8 {[%clk 0:40:15]} 20. Nd4 {[%clk 1:06:15]}  Nc6 {[%clk 0:36:28]} 21. Rad1 {[%clk 1:04:27]}  Nxe5 {[%clk 0:33:51]} 22. Bxg7+ {[%clk 1:04:24]}  Kxg7 {[%clk 0:34:15]} 23. Qh4 {[%clk 0:57:47]}  Rhe8 {[%clk 0:31:59]} 24. Re3 {[%clk 0:55:38]}  Nc4 {[%clk 0:27:23]} 25. Rh3 {[%clk 0:54:40]}  h5 {[%clk 0:27:47]} 26. Re1 {[%clk 0:53:46]}  Qd8 {[%clk 0:23:54]} 27. Qg3 {[%clk 0:53:33]}  Qd6 {[%clk 0:24:14]} 28. Qg5 {[%clk 0:53:15]}  Qd8 {[%clk 0:22:39]} 29. Qg3 {[%clk 0:53:33]}  Qd6 {[%clk 0:19:39]} 30. Qg5 {[%clk 0:53:54]}  Nxb2 {[%clk 0:19:50]} 31. g4 {[%clk 0:46:16]}  Qd8 {[%clk 0:16:53]} 32. Qc1 {[%clk 0:46:26]}  e5 {[%clk 0:15:07]} 33. Rxh5 {[%clk 0:46:35]}  Qf6 {[%clk 0:09:12]} 34. Qh6+ {[%clk 0:46:48]}  Kg8 {[%clk 0:09:41]} 35. Nf5 {[%clk 0:47:17]} 1-0

[Event "45th FIDE Chess Olympiad Open"]
[Site "Budapest, Hungary"]
[Date "2024.09.19"]
[Round "8"]
[White "Karacsonyi, Gellert"]
[Black "Junior, Domingos"]
[Result "1/2-1/2"]
[Board "143"]
[WhiteFideId "764620"]
[BlackFideId "10105972"]
[WhiteTitle "IM"]
[BlackTitle "FM"]
[WhiteElo "2403"]
[BlackElo "2183"]
[WhiteTeam "Hungary C"]
[BlackTeam "Angola"]
[WhiteClock "0:12:35"]
[BlackClock "0:22:48"]
[Variant "Standard"]

1. e4 {[%clk 1:30:57]}  c6 {[%clk 1:30:21]} 2. d4 {[%clk 1:30:56]}  d5 {[%clk 1:30:26]} 3. Nc3 {[%clk 1:31:19]}  dxe4 {[%clk 1:29:21]} 4. Nxe4 {[%clk 1:31:42]}  Nf6 {[%clk 1:28:10]} 5. Nxf6+ {[%clk 1:31:37]}  exf6 {[%clk 1:28:10]} 6. c3 {[%clk 1:31:32]}  Bf5 {[%clk 1:28:10]} 7. Ne2 {[%clk 1:31:51]}  Bd6 {[%clk 1:28:32]} 8. Ng3 {[%clk 1:32:13]}  Bg6 {[%clk 1:28:57]} 9. Qe2+ {[%clk 1:32:35]}  Qe7 {[%clk 1:29:22]} 10. Qxe7+ {[%clk 1:32:56]}  Kxe7 {[%clk 1:29:48]} 11. f4 {[%clk 1:33:16]}  Re8 {[%clk 1:30:04]} 12. Kf2 {[%clk 1:33:01]}  Kf8 {[%clk 1:24:13]} 13. Kf3 {[%clk 1:27:50]}  Bc2 {[%clk 1:23:38]} 14. Be3 {[%clk 1:23:33]}  f5 {[%clk 1:23:12]} 15. Rc1 {[%clk 1:17:23]}  Be4+ {[%clk 1:23:27]} 16. Nxe4 {[%clk 1:17:38]}  fxe4+ {[%clk 1:23:33]} 17. Kf2 {[%clk 1:17:20]}  Nd7 {[%clk 1:22:01]} 18. c4 {[%clk 1:13:51]}  f5 {[%clk 1:18:16]} 19. Be2 {[%clk 1:07:27]}  Nf6 {[%clk 1:15:15]} 20. h3 {[%clk 1:07:40]}  h5 {[%clk 1:05:56]} 21. g3 {[%clk 1:07:56]}  Kf7 {[%clk 1:00:30]} 22. Rc3 {[%clk 1:05:21]}  Red8 {[%clk 0:57:25]} 23. b4 {[%clk 0:43:22]}  a5 {[%clk 0:52:16]} 24. bxa5 {[%clk 0:43:16]}  Rxa5 {[%clk 0:46:25]} 25. Rb3 {[%clk 0:41:10]}  Rxa2 {[%clk 0:40:36]} 26. Rxb7+ {[%clk 0:41:25]}  Rd7 {[%clk 0:40:40]} 27. Rhb1 {[%clk 0:36:46]}  Ke7 {[%clk 0:36:53]} 28. Kf1 {[%clk 0:15:40]}  Ra3 {[%clk 0:35:19]} 29. Kf2 {[%clk 0:12:32]}  Ra2 {[%clk 0:33:41]} 30. d5 {[%clk 0:11:04]}  c5 {[%clk 0:31:04]} 31. Rxd7+ {[%clk 0:09:52]}  Nxd7 {[%clk 0:30:26]} 32. Bc1 {[%clk 0:06:08]}  g6 {[%clk 0:28:54]} 33. Rb7 {[%clk 0:05:46]}  Kd8 {[%clk 0:28:16]} 34. Rb3 {[%clk 0:04:45]}  Rc2 {[%clk 0:27:53]} 35. Be3 {[%clk 0:04:01]}  Kc7 {[%clk 0:21:01]} 36. Ke1 {[%clk 0:04:26]}  Nb6 {[%clk 0:19:33]} 37. Kd1 {[%clk 0:04:55]}  Ra2 {[%clk 0:19:22]} 38. Bc1 {[%clk 0:03:26]}  Ra4 {[%clk 0:18:44]} 39. Rc3 {[%clk 0:03:55]}  Be7 {[%clk 0:18:42]} 40. Ra3 {[%clk 0:00:47]}  Bf6 {[%clk 0:16:44]} 41. g4 {[%clk 0:22:35]}  hxg4 {[%clk 0:38:43]} 42. hxg4 {[%clk 0:20:17]}  Rxa3 {[%clk 0:38:31]} 43. Bxa3 {[%clk 0:20:45]}  Bd4 {[%clk 0:38:40]} 44. gxf5 {[%clk 0:19:53]}  gxf5 {[%clk 0:39:09]} 45. Bc1 {[%clk 0:19:24]}  Nc8 {[%clk 0:33:15]} 46. Kc2 {[%clk 0:18:49]}  Nd6 {[%clk 0:30:42]} 47. Bd2 {[%clk 0:18:24]}  Kb6 {[%clk 0:24:20]} 48. Kb3 {[%clk 0:18:43]}  Ka6 {[%clk 0:22:58]} 49. Ka4 {[%clk 0:13:24]}  Bb2 {[%clk 0:23:02]} 50. Be3 {[%clk 0:12:36]}  Kb6 {[%clk 0:23:31]} 51. Kb3 {[%clk 0:12:53]}  Bd4 {[%clk 0:22:48]} 52. Bd2 {[%clk 0:12:35]} 1/2-1/2